| 000 | 00588cab a2200241 4500 | ||
|---|---|---|---|
| 001 | X980 | ||
| 008 | 090401t1993 xxu||||| |||| 00| 0 eng d | ||
| 035 | _a(Sirsi) u68510 | ||
| 041 | _aeng | ||
| 100 | _aCrawford, P. | ||
| 245 | _aValuation : what do clients want? | ||
| 260 | _c1993 | ||
| 350 | _a0 | ||
| 490 |
_aEstates Gazette _v(9334) 28 August 1993, 20(1) |
||
| 650 | _aCLIVE LEWIS | ||
| 650 | _aCOMMERCIAL VALUATION | ||
| 650 | _aMICHAEL MALLINSON | ||
| 650 | _aRICS | ||
| 650 | _aWORKING PARTY | ||
| 690 | _aRATING AND VALUATION | ||
| 942 | _n0 | ||
| 948 | _c04/03/1997 | ||
| 999 |
_c42984 _d42984 |
||